Viaje por España /

Relato del viaje que el barón Charles Davillier, caballerizo mayor de Napoléon III, y el grabador Gustave Doré emprendieron a España en 1862, hacia el final del reinado de Isabel II. Publicados de forma fragmentada entre 1862 y 1873 en la revista "Le Tour du Monde", el testimonio escrito de Davillie...

Повний опис

Збережено в:
Бібліографічні деталі
Автор: Davillier, Charles (autor)
Інші автори: Doré, Gustave (ilustración) (ilustración)
Формат: Книга
Мова:Іспанська
Опубліковано: Madrid, España : Castilla, 1949, c1949
Предмети:
Теги: Додати тег
Немає тегів, Будьте першим, хто поставить тег для цього запису!

MARC

LEADER 00000nam^a2200000^a^4500
001 000096299
005 20250521000000.0
009 20260310092939.586
037 |a Acervo ITESO - Biblioteca 
041 |a ESP 
082 |a 946. 072  |b DAV 
100 |a Davillier, Charles  |e (autor) 
245 1 0 |a Viaje por España /  |c C. Davillier ; il. de G. Doré ; pról. y notas de Arturo del Hoyo ; estudio sobre Doré de Antonio Bueno. 
264 4 |a Madrid, España :  |b Castilla,  |c 1949, c1949 
300 |a XL, 1534 p. 
336 |a texto  |b txt  |2 rdacontenido 
337 |a sin mediación  |b n  |2 rdamedio 
338 |a volumen  |b nc  |2 rdasoporte 
520 |a Relato del viaje que el barón Charles Davillier, caballerizo mayor de Napoléon III, y el grabador Gustave Doré emprendieron a España en 1862, hacia el final del reinado de Isabel II. Publicados de forma fragmentada entre 1862 y 1873 en la revista "Le Tour du Monde", el testimonio escrito de Davillier y las ilustraciones de Dorré buscan una España que estaba a punto de desaparecer y enfrentaba las modernidades de fines del siglo XIX: la expansión del ferrocarril, el surgimiento de una clase obrera, la ausencia de bandoleros, entre otros rasgos. Acompaña a esta edición un amplio estudio crítico-biográfico sobre Doré, situado al final del texto. 
649 |a XX 
650 |a Exploradores y Viajeros Franceses 
650 |a Grabadores Franceses -  |x Biografías 
650 |a Artistas Franceses -  |x Biografías 
650 |a Libros de Viajes Franceses 
650 |a Libros de Viajes -  |z España 
650 |a Literatura Francesa -  |y Siglo XIX 
650 |a Grabado -  |z Francia 
650 |a Arte Francés 
650 |a España en la Literatura 
650 |a España -  |x Descripción 
650 |a España -  |x Historia -  |y Isabel II, 1833-1868 
650 |a España -  |x Historia -  |y Borbones, 1700-1931 
650 |a España -  |x Historia -  |y Siglo XIX 
650 |a Doré, Gustave 
700 |a Doré, Gustave  |e (ilustración) 
910 |a Fondo Jesús Rodríguez 
920 |a Impresos - Libros 
930 |a Fondos Especiales 
905 |a 113 
901 |a 0500031968  |b IT2  |c ESP  |u 20250521 
902 |a https://opac.biblio.iteso.mx/vufind/Record/000096299